Land mit Emojis – klicken - Statistiken

Allgemein
  • Dieses Quiz wurde 1.447 mal gespielt
  • Das Durchschnittsergebnis liegt bei 18 aus 20
Antwortstatistiken
Hint Antwort % Korrekt
🥨🍻🚗 Deutschland
95%
🍕🍝☕️ Italien
95%
🍁🐻🏒 Kanada
95%
🌵🌶️🌮 Mexiko
95%
🦘🐨🏄‍♂️ Australien
94%
🍔🏀🗽 Vereinigte Staaten
94%
🥖🐓🍷 Frankreich
92%
💂👑🏉 Großbritannien
92%
🧀🍫🏔️ Schweiz
92%
🍣🏯🗾 Japan
91%
☘️🍺🏉 Irland
90%
🐪🛢️💰 Saudi-Arabien
90%
🏛️🏺🎭 Griechenland
88%
🐼🍚🐉 China
87%
💃☀️🐂 Spanien
86%
🍟🍫🇪🇺 Belgien
83%
🐯🏏🧘 Indien
81%
🥝🐑🏉 Neuseeland
80%
⛱️⚽️🐆 Brasilien
79%
🦁🏔️🛖 Tansania
75%
Keine übereinstimmenden Quizze gefunden
Verteilung der Resultate
Anzahl Personen mit jedem Resultat
Perzentil nach korrekt beantworteten Fragen
Ihre Resultats-Entwicklung
Sie haben dieses Quiz noch nicht gespielt